Word Ladder: Educational Film Quiz Stats

 Plays Quiz Updated Oct 2, 2012

Support Sporcle.
Go Orange.
Score 0/14 Timer 01:30
0 Plays Today
Clue 4-Letter Word % Correct
The edge of a riverBANK
89.8%
Zapf Dingbat, Times New Roman, Geneva, or Courier, e.g.FONT
88.9%
A bed in a barracksBUNK
88.3%
The early part of the dayMORN
87.1%
Affectionate or lovingFOND
81.6%
Robin Williams' TV alienMORK
81.5%
A slump or depressed moodFUNK
79.7%
Clue 4-Letter Word % Correct
A set of money to be used for a purposeFUND
79.3%
Recently cut, like a lawnMOWN
76.9%
Ridicule by copyingMOCK
73.2%
Refuse to give up ground: [Rung 1] [Rung 8] [Rung 14]BACK
62.5%
A style of dark German beerBOCK
60.6%
Tom Petty Hit from 1988: 'I [Rung 1] [Rung 8] [Rung 14]'DOWN
56.5%
2012 Film with Viola Davis and Maggie Gyllenhaal: [Rung 1] [Rung 8] [Rung 14]WON'T
50%

Today's Daily Dose

Missing Word
'80s Musicals

Word Ladder
Hereditary

Get the Picture
Food Names

From the Vault

Hidden Elements: Countries

by brimtown

Science 8m
Unfortunately you don't get to keep any of the elements you find.
Remove Ads.
Support Sporcle.
Get the best of Sporcle when you Go Orange. This ad-free experience offers more features, more stats, and more fun while also helping to support Sporcle. Thank you for becoming a member.

Show Comments

Extras

Top Quizzes Today


Score Distribution

Your Account Isn't Verified!

In order to create a playlist on Sporcle, you need to verify the email address you used during registration. Go to your Sporcle Settings to finish the process.

Report this User

Report this user for behavior that violates our Community Guidelines.

Details: